[Event "Winter CCCSA-IM 2020"]
[Site "Charlotte"]
[Date "2020.01.20"]
[Round "8.2"]
[White "Wheeler, Cameron"]
[Black "Francisco, Richard"]
[Result "1/2-1/2"]
[WhiteElo "2383"]
[BlackElo "2256"]
[Annotator "TA"]
[PlyCount "173"]
[EventDate "2020.01.17"]
[EventType "tourn"]
[EventCountry "USA"]
[SourceTitle "playchess.com"]
[Source "ChessBase"]
[SourceQuality "1"]

{[%evp 13,173,0,0,2,0,-4,-29,-4,-10,-8,0,0,0,-4,0,-8,-6,-8,-6,-4,5,0,0,5,12,-5,25,27,16,29,29,20,20,0,0,0,0,-75,-75,-62,-73,-94,-93,-95,-89,-92,-87,-95,-95,-110,-110,-110,-117,-118,-100,-102,-71,-103,-107,-133,-99,-137,-133,-192,-185,-269,-269,-269,-269,-269,-212,-212,-212,-212,-212,-212,-212,-212,-212,-212,-164,-281,-212,-212,-164,-164,0,-164,0,-164,-164,-164,-164,-164,-164,-164,-164,-164,-164,-164,-164,-164,-164,-164,-164,-164,-164,-164,-164,-164,-164,-164,-164,-164,-160,-160,-160,-160,-160,-164,-139,-139,-139,-139,-139,-139,-139,-139,-139,-139,-139,-139,-139,-139,-139,-5238,-5238,-5231,-5231,-5231,-5223,-5223,-5223,-5216,-5202,-5195,-5194,-5194,-5187,-5186,-5186,-5082,-5016,-4109,-1150,-952,-634,-612,-28,-575,-18,-18]} 1. d4 Nf6 2. c4 e6 3. Nc3 Bb4 4. g3 O-O 5. Bg2 d5 6. Nf3 dxc4 7. O-O Nc6 8. Qa4 {E20: Nimzo-Indian: 4 g3 and 4 f3} Nd5 9. Qc2 Be7 10. Rd1 {Black has an edge.} Rb8 11. e4 Ncb4 12. Qb1 Nxc3 13. bxc3 Nd3 14. Qb5 {[#]} a6 $146 ({Predecessor:} 14... c5 15. Qxc4 Nxc1 16. Raxc1 {½-½ (34) Onischuk,A (2667)-Naroditsky,D (2646) Saint Louis 2017}) 15. Qxc4 Nxc1 16. Raxc1 b5 17. Qe2 c5 18. c4 Qb6 19. d5 bxc4 20. Ne5 exd5 21. exd5 {Threatens to win with d6.} Bf6 22. Nc6 c3 $1 23. d6 Be6 24. Be4 Rbc8 25. Ne7+ (25. Qf3 $11 {remains equal.}) 25... Bxe7 $1 $17 26. dxe7 Rfe8 27. Qh5 {[%csl Ge4][%cal Rh5h7]} g6 28. Qg5 Qc7 29. Rxc3 Qxe7 30. Qxe7 Rxe7 31. Bf3 Bxa2 32. Ra1 Be6 33. Rxa6 Bh3 {[%cal Re7e1]} (33... c4 {keeps more tension.} 34. Kg2 Rb8 35. Ra5 Rd7 36. Rc2 Rc8) 34. Ra1 Kg7 35. Bg2 Be6 36. h4 h5 37. Bf1 c4 38. Ra6 (38. Rac1 $17) 38... Rb7 $19 {aiming for ...Rb1.} 39. Rxe6 (39. Ra1 {was called for.}) 39... fxe6 40. Rxc4 Rxc4 41. Bxc4 {[%mdl 4096] Endgame KR-KB} Kf6 42. Kg2 Rc7 43. Bd3 Rc3 44. Be4 Rb3 45. Bc2 Ra3 46. Be4 e5 47. Bc2 (47. Bb1 $142) 47... Rc3 48. Be4 Rc4 49. Kf3 Rc3+ 50. Kg2 $1 Ra3 51. Bc2 $1 Ra6 52. Kf3 Ke7 53. Bd3 Rf6+ 54. Ke3 Kd6 55. Be4 Kc5 56. Bd3 Kd5 57. Be4+ Ke6 58. Bd3 Ke7 59. Bb1 Rb6 60. Bc2 Kf6 61. Kf3 g5 62. hxg5+ Kxg5 63. Ke3 Rf6 64. Bd3 Rd6 65. Be4 Ra6 66. Bd3 Ra4 67. Kf3 h4 68. gxh4+ Rxh4 (68... Kxh4 $2 69. Ke3) 69. Ke3 Rh3+ 70. Ke4 Kf6 71. Be2 Rh4+ 72. Ke3 Ke6 73. Bd1 Rb4 74. Bh5 $2 {[%mdl 8192] [#]} (74. Bc2 $17) 74... Kf5 $1 75. Bd1 Re4+ 76. Kf3 Rc4 77. Ke3 Rc3+ 78. Kd2 Ra3 79. Ke2 Kf4 80. Kf1 Ra2 81. Kg2 Ra1 82. Bh5 e4 83. Be2 Re1 (83... Rb1 $142 84. Bh5 {[#]} Rb2 $1 {[%mdl 512]}) 84. Bh5 Kg5 85. Bf7 Kg4 $2 (85... Kf6 $19 86. Bh5 Kf5) 86. Bd5 $2 {[%mdl 8192]} (86. Bg6 $1 $11 {and White is okay.}) 86... Re2 $2 {[#]} (86... Kf4 $19 {White must now prevent ...Re2!} 87. Bf7 Rd1) 87. Bxe4 $1 {[%mdl 512] Accuracy: White = 48%, Black = 64%.} 1/2-1/2

[Event "Winter CCCSA-IM 2020"]
[Site "Charlotte"]
[Date "2020.01.20"]
[Round "8.3"]
[White "Liang, Jason"]
[Black "Eswaran, Ashritha"]
[Result "1-0"]
[WhiteElo "2353"]
[BlackElo "2252"]
[Annotator "TA"]
[PlyCount "115"]
[EventDate "2020.01.17"]
[EventType "tourn"]
[EventCountry "USA"]
[SourceTitle "playchess.com"]
[Source "ChessBase"]
[SourceQuality "1"]

{[%evp 9,115,21,14,7,5,-10,0,-20,0,0,39,48,57,26,65,47,83,80,95,49,102,62,118,119,136,135,155,88,127,124,147,130,120,108,101,112,111,112,108,86,100,98,99,62,55,60,83,61,63,46,46,54,71,45,43,52,82,66,152,50,77,56,201,194,200,204,234,237,240,235,219,222,222,216,210,208,262,270,272,265,351,348,390,372,374,357,515,500,502,488,547,530,638,486,603,587,725,708,926,907,957,955,1060,1036,1125,1022,945,897]} 1. d4 Nf6 2. Bf4 d6 3. Nc3 Nbd7 4. Nf3 c5 5. e3 a6 6. Be2 {A45: Trompowsky Attack} g6 7. h3 Bg7 8. O-O {The position is equal.} O-O 9. a4 b6 10. d5 Qc7 $146 ({Predecessor:} 10... Rb8) 11. Nd2 Ne8 12. e4 $36 {[%mdl 2048] White has good play.} Qb8 13. Bg5 Ndf6 14. Nc4 Ra7 (14... h6 $1 $14 15. Bf4 Nd7) 15. f4 h6 ({Better is} 15... Bd7 $14) 16. Bh4 $16 Nh7 17. Qd2 e6 18. Ra3 (18. Bf3 $142) 18... exd5 19. Nxd5 {[#] Black must now prevent Ne7+.} Nef6 20. Nxf6+ Nxf6 21. Qxd6 ({Worse is} 21. Nxd6 Rd7 $11) 21... Be6 22. Qxb8 ({Reject} 22. Qxb6 $6 Qxb6 23. Nxb6 Nxe4 $11) 22... Rxb8 23. e5 Nd5 24. Bg3 Nb4 25. Ne3 Rd8 26. Rd1 (26. Bg4 {is more complex.} Bxg4 27. hxg4 Nc6 28. Nc4 Rd4 29. Rc3) 26... Rxd1+ 27. Bxd1 Rd7 28. Ra1 f6 29. Bf3 fxe5 30. fxe5 h5 31. Be4 Bh6 32. Re1 Kh7 33. Kf2 Rd4 (33... Kg7 $14) 34. Nf1 ({White must play} 34. Kf3 $16 {c3 is the strong threat.} Rd2 35. Rf1) 34... Rd7 35. Nh2 b5 {[#]} (35... Rd2+ $14 36. Re2 Rxe2+ 37. Kxe2 Kg7) 36. axb5 $1 $18 axb5 37. Nf3 Nd5 38. Ra1 Ne3 39. Ra6 Bf5 40. Bxf5 Nxf5 41. e6 Re7 42. Be5 Ng7 43. Bxg7 $1 Kxg7 {[%mdl 4096] Endgame KRB-KRN} 44. Ne5 Bg5 45. Nd7 c4 46. Kf3 Re8 47. Ke4 Rc8 (47... Bc1 $142 48. Rb6 Bxb2) 48. Rb6 {White is clearly winning.} Be7 49. Rxb5 Rc6 50. Rb6 Rc8 51. Kd5 Ra8 52. Kxc4 Rc8+ 53. Kd3 h4 54. c4 g5 55. Kd4 Kg6 56. c5 Kf5 57. Kd5 Ra8 58. Rb3 {Accuracy: White = 64%, Black = 32%.} 1-0

[Event "Winter CCCSA-IM 2020"]
[Site "Charlotte"]
[Date "2020.01.20"]
[Round "8.5"]
[White "Gauri, Shankar"]
[Black "Jacobson, Aaron"]
[Result "1/2-1/2"]
[WhiteElo "2350"]
[BlackElo "2336"]
[Annotator "TA"]
[PlyCount "37"]
[EventDate "2020.01.17"]
[EventType "tourn"]
[EventCountry "USA"]
[SourceTitle "playchess.com"]
[Source "ChessBase"]
[SourceQuality "1"]

{[%evp 20,24,26,27,28,19,18]} 1. e4 e5 2. Nf3 Nc6 3. Bb5 Nf6 4. O-O Nxe4 5. Re1 Nd6 6. Nxe5 Be7 7. Bf1 Nxe5 8. Rxe5 O-O 9. d4 Bf6 10. Re1 Nf5 11. c3 d5 {C67: Ruy Lopez: Berlin Defence: 4 0-0 Nxe4.} 12. Bf4 Nh4 {[#]} {Predecessor:} 13. Bd3 $146 Bf5 14. Bxf5 Nxf5 15. Nd2 Qd7 16. Nf3 Rfe8 17. Qd3 Nh4 18. Nxh4 Bxh4 19. Qd2 {½-½ (26) Neiksans,A (2566)-Hakobyan,A (2559) Saint Louis 2019} 1/2-1/2

[Event "Winter CCCSA-IM 2020"]
[Site "Charlotte"]
[Date "2020.01.20"]
[Round "9.2"]
[White "Martin Del Campo C., Roberto"]
[Black "Gauri, Shankar"]
[Result "1/2-1/2"]
[WhiteElo "2322"]
[BlackElo "2350"]
[Annotator "TA"]
[PlyCount "35"]
[EventDate "2020.01.17"]
[EventType "tourn"]
[EventCountry "USA"]
[SourceTitle "playchess.com"]
[Source "ChessBase"]
[SourceQuality "1"]

{[%evp 18,20,14,16,39]} 1. e4 c6 2. d4 d5 3. exd5 cxd5 4. c4 Nf6 5. Nc3 e6 6. Nf3 Bb4 7. cxd5 exd5 8. Bb5+ Nc6 9. O-O O-O 10. Bg5 Be6 {B14: Caro-Kann: Panov-Botvinnik Attack with 5...e6 and 5...g6} {Predecessor:} 11. Bxc6 $146 bxc6 12. Na4 h6 13. Bxf6 Qxf6 14. Ne5 c5 15. Nc6 Bd7 16. Nxb4 cxb4 17. Nc5 Bb5 18. Re1 {½-½ (63) Taylor,T (2450)-Roos,D (2385) New York 1984} 1/2-1/2

[Event "Winter CCCSA-IM 2020"]
[Site "Charlotte"]
[Date "2020.01.21"]
[Round "9.3"]
[White "Eswaran, Ashritha"]
[Black "Uyanga, Byambaa"]
[Result "1-0"]
[WhiteElo "2252"]
[BlackElo "2113"]
[Annotator "TA"]
[PlyCount "63"]
[EventDate "2020.01.17"]
[EventType "tourn"]
[EventCountry "USA"]
[SourceTitle "playchess.com"]
[Source "ChessBase"]
[SourceQuality "1"]

{[%evp 16,63,60,66,57,-3,74,68,73,83,111,118,108,108,102,109,117,105,104,108,131,129,141,126,130,142,164,164,173,143,154,115,203,201,256,255,253,243,244,171,408,412,958,920,827,800,1982,2010,29992,29993]} 1. e4 c5 2. Nf3 Nc6 3. Bb5 d6 4. O-O Nf6 5. Re1 Bd7 6. c3 a6 7. Bf1 e5 8. h3 Be7 9. d4 O-O {B51: Sicilian: Moscow Variation (3 Bb5+) without 3...Bd7} 10. Na3 (10. d5 $14) (10. d5 Na7 11. Nxe5 dxe5 12. d6 Be6 13. dxe7 Qxe7 14. Nd2 Rfd8 15. Qc2 Rac8 16. b3 b5 17. a4 {1-0 (35) Svidler,P (2727)-Movsesian,S (2658) Berlin 2015}) 10... h6 $146 (10... exd4 $11 {remains equal.} 11. cxd4 Nxd4) ({Predecessor:} 10... cxd4 11. cxd4 Nxd4 12. Nxd4 exd4 13. Qxd4 Bc6 {½-½ (49) Khatanbaatar,B (2347)-Idani,P (2586) Qingdao 2019}) 11. dxc5 $16 dxc5 {White is slightly better.} 12. Nc4 {[%cal Ba3c4,Bc4d2,Bd2f3,Bf3d4,Bd4f5][%mdl 32]} Qc7 {[#]} 13. Nfxe5 $1 {[%mdl 512]} Nxe5 14. Bf4 Be6 15. Bxe5 Qc6 16. Qc2 b5 17. Nd2 Nd7 18. Bg3 c4 19. Nf3 Nc5 20. Nd4 Qb6 21. f4 Bc8 22. Kh2 Bb7 23. Nf5 Bd8 (23... Rfe8 $16) 24. Rad1 $18 Qc7 25. e5 Be7 26. Nd4 Rfe8 27. Re3 f6 $2 (27... Qb6 {keeps fighting.} 28. f5 Bg5) 28. Qg6 fxe5 {[#]} (28... Bf8 $142 29. e6 h5 30. Qxh5 Re7) 29. Nf5 $1 {[%csl Gf5][%cal Rg6g7][%mdl 512]} Bf6 30. Nxh6+ Kf8 {[#]} 31. Qh7 $1 {Intending Qg8+ and mate.} Ke7 32. fxe5 {Accuracy: White = 77%, Black = 34%.} 1-0

[Event "Winter CCCSA-IM 2020"]
[Site "Charlotte"]
[Date "2020.01.21"]
[Round "9.4"]
[White "Li, Eric"]
[Black "Liang, Jason"]
[Result "1/2-1/2"]
[WhiteElo "2195"]
[BlackElo "2353"]
[Annotator "TA"]
[PlyCount "59"]
[EventDate "2020.01.17"]
[EventType "tourn"]
[EventCountry "USA"]
[SourceTitle "playchess.com"]
[Source "ChessBase"]
[SourceQuality "1"]

{[%evp 15,59,42,50,51,58,35,55,52,54,30,40,33,52,52,90,54,104,106,83,72,104,87,78,62,66,61,96,96,99,96,98,81,81,82,187,107,151,0,107,107,150,0,107,0,139,0]} 1. d4 Nf6 2. c4 c5 3. d5 e5 4. Nc3 d6 5. e4 Be7 6. Bd3 Nbd7 7. Nf3 Nf8 8. h3 Ng6 9. O-O {A56: Czech Benoni} (9. g3 a6 10. Qc2 Rb8 11. h4 h5 12. Ng5 Ng4 13. f3 Nh6 14. Bd2 Bd7 15. Rb1 b5 16. cxb5 axb5 {1-0 (48) Cheparinov,I (2709)-Shulman,Y (2563) Reykjavik 2013}) 9... O-O 10. a3 h6 11. b4 $146 {White is slightly better.} ({Predecessor:} 11. Bd2 Nh7 12. b4 Bg5 13. Nxg5 Nxg5 14. Ne2 f5 15. exf5 Bxf5 16. Bxf5 Rxf5 17. bxc5 dxc5 {0-1 (36) Pathasart,S-Schmidt,R (1828) Berlin 2015}) 11... b6 12. Kh2 Nh7 13. Be3 Bg5 14. Nxg5 hxg5 15. Be2 Ne7 16. bxc5 bxc5 17. Bg4 g6 18. Bxc8 Nxc8 19. f3 Rb8 20. Rb1 Rxb1 21. Qxb1 Qa5 22. Qb3 Nb6 23. Nb5 Rd8 24. Rb1 {Black must now prevent Nxa7!} Na8 (24... Rd7 $16) 25. Rb2 ({White should try} 25. Nxd6 $18 {Hoping for Nb7.} Rxd6 26. Qb7) 25... Qa6 26. Rb1 $2 {[#]} (26. a4 $16) 26... Rb8 (26... Qa5 $1 $11) 27. Qc2 Rd8 28. Qb3 (28. a4 $16) 28... Rb8 (28... Qa5 $11 {keeps the balance.}) 29. Qc2 Rd8 $1 30. Qb3 {Accuracy: White = 36%, Black = 29%.} ({White should play} 30. a4 $16) 1/2-1/2

[Event "Winter CCCSA-IM 2020"]
[Site "Charlotte"]
[Date "2020.01.20"]
[Round "9.5"]
[White "Jacobson, Aaron"]
[Black "Wheeler, Cameron"]
[Result "1/2-1/2"]
[WhiteElo "2336"]
[BlackElo "2383"]
[Annotator "TA"]
[PlyCount "17"]
[EventDate "2020.01.17"]
[EventType "tourn"]
[EventCountry "USA"]
[SourceTitle "playchess.com"]
[Source "ChessBase"]
[SourceQuality "1"]

{[%evp 9,17,16,22,27,22,29,35,27,58,51]} 1. d4 d5 2. c4 e6 3. Nf3 a6 4. cxd5 exd5 5. Nc3 h6 6. Bf4 {D31: Queen's Gambit Declined: Semi-Slav without ...Nf6 (+ Marshall Gambit and Noteboom) and Exchange Variation lines without ...Nf6} Nf6 7. e3 Bd6 8. Be5 Nbd7 $146 ({Predecessor:} 8... Be6 9. Qb3 Ra7 10. Bd3 Bxe5 11. Nxe5 O-O 12. O-O Nbd7 13. f4 {½-½ (42) Karjakin,S (2748)-Carlsen,M (2875) Zagreb 2019}) 9. Bxd6 1/2-1/2